Sweden : Financial Sector Assessment Program-Technical Note-Insurance Sector Regulation and Supervision.

This Technical Note discusses the findings and recommendations in the Financial Sector Assessment Program (FSAP) for Sweden in the areas of insurance sector regulation and supervision. The regulatory and supervisory framework has been enhanced since the 2011 FSAP. The Finansinspektionen (Financial S...

Descrizione completa

Dettagli Bibliografici
Ente Autore: International Monetary Fund. Monetary and Capital Markets Department
Natura: Periodico
Lingua:English
Pubblicazione: Washington, D.C. : International Monetary Fund, 2017.
Serie:IMF Staff Country Reports; Country Report ; No. 2017/307
Accesso online:Full text available on IMF
LEADER 01870cas a2200241 a 4500
001 AALejournalIMF017979
008 230101c9999 xx r poo 0 0eng d
020 |c 5.00 USD 
020 |z 9781484322420 
022 |a 1934-7685 
040 |a BD-DhAAL  |c BD-DhAAL 
110 2 |a International Monetary Fund.  |b Monetary and Capital Markets Department. 
245 1 0 |a Sweden :   |b Financial Sector Assessment Program-Technical Note-Insurance Sector Regulation and Supervision. 
264 1 |a Washington, D.C. :  |b International Monetary Fund,  |c 2017. 
300 |a 1 online resource (37 pages) 
490 1 |a IMF Staff Country Reports 
500 |a <strong>Off-Campus Access:</strong> No User ID or Password Required 
500 |a <strong>On-Campus Access:</strong> No User ID or Password Required 
506 |a Electronic access restricted to authorized BRAC University faculty, staff and students 
520 3 |a This Technical Note discusses the findings and recommendations in the Financial Sector Assessment Program (FSAP) for Sweden in the areas of insurance sector regulation and supervision. The regulatory and supervisory framework has been enhanced since the 2011 FSAP. The Finansinspektionen (Financial Supervisory Authority, FI) is the principal regulatory body, with responsibility for prudential regulation, consumer protection, and macroprudential regulation. Some measures are recommended to strengthen solvency regulation further. Solvency II should be applied in full to occupational pensions insurance, unless the government decides to create a separate national regime for occupational pensions, as exists in many other countries. 
538 |a Mode of access: Internet 
830 0 |a IMF Staff Country Reports; Country Report ;  |v No. 2017/307 
856 4 0 |z Full text available on IMF  |u http://elibrary.imf.org/view/journals/002/2017/307/002.2017.issue-307-en.xml  |z IMF e-Library